000
00244nam a22001097a 4500
008
160518b xxu||||| |||| 00| 0 eng d
020
_a
0721622348
041
_a
eng
080
_a
618.2
245
_a
The breast:
_c
Kirby I. Bland;
942
_2
udc
_c
BK
999
_c
2159
_d
2159